000 00436nam a2200145 i 4500
001 bg
245 1 0 _aEkonomika przemysłu i przedsiębiorstwa.
_nCz. 2,
_pEkonomika przedsiębiorstwa przemysłowego /
_cpod red. Wiesława Janika.
260 _aLublin,
_c1983.
700 1 _aJanik, Wiesław.
_eRed.
040 _cBPK
041 _apol
080 _a658.1/.5::66/69.003](075.8)
942 _cKS
008 s pl f |000 0 pol
999 _c22205
_d22205
856 _uhttp://koha.tu.koszalin.pl/cgi-bin/koha/opac-detail.pl?biblionumber=22205
_yKatalog online BPK